Zastavenie exekučného konania a jeho ekonomické dôsledky bakalárska práca

Salvato in:
Dettagli Bibliografici
Autore principale: Zajaková, Zuzana
Ente Autore: Národohospodárska fakulta EU. Katedra ekonómie
Altri autori: Löwy, Alexandra
Natura: Libro
Lingua:slovacco
Pubblicazione: Bratislava 2025
Tags: Aggiungi Tag
Nessun Tag, puoi essere il primo ad aggiungerne!!

MARC

LEADER 00000nbm a2200000 4500
001 0310963
005 20260210112821.1
041 0 |a slo 
044 |a SK 
245 1 0 |a Zastavenie exekučného konania a jeho ekonomické dôsledky  |b bakalárska práca  |c Zuzana Zajaková ; školiteľ: Radoslav Hnilica 
264 1 |a Bratislava  |c 2025 
300 |a 54 s. 
100 1 |a Zajaková, Zuzana 
700 1 |a Löwy, Alexandra 
710 2 |a Národohospodárska fakulta EU. Katedra ekonómie